Soil microbiology, ecology, and biochemistry / (Record no. 3692)

MARC details
000 -LEADER
fixed length control field 00709cam a2200241 a 4500
001 - CONTROL NUMBER
control field BD-DhSAU 3692
003 - CONTROL NUMBER IDENTIFIER
control field BD-DhSAU
005 - DATE AND TIME OF LATEST TRANSACTION
control field 20150209102418.0
008 - FIXED-LENGTH DATA ELEMENTS--GENERAL INFORMATION
fixed length control field 061031s2007 ne a rb 001 0 eng
020 ## - INTERNATIONAL STANDARD BOOK NUMBER
International Standard Book Number 9780125468077
040 ## - CATALOGING SOURCE
Original cataloging agency BD-DhSAU
082 00 - DEWEY DECIMAL CLASSIFICATION NUMBER
Classification number 579.1759
Edition number 22
Item number SOI
245 00 - TITLE STATEMENT
Title Soil microbiology, ecology, and biochemistry /
Statement of responsibility, etc. Edited by Eldor A. Paul.
250 ## - EDITION STATEMENT
Edition statement 3rd ed.
260 ## - PUBLICATION, DISTRIBUTION, ETC. (IMPRINT)
Place of publication, distribution, etc. Amsterdam :
-- Boston :
Name of publisher, distributor, etc. Academic Press,
Date of publication, distribution, etc. c2007.
300 ## - PHYSICAL DESCRIPTION
Extent xx, 532 p. :
Other physical details ill. ;
Dimensions 24 cm.
504 ## - BIBLIOGRAPHY, ETC. NOTE
Bibliography, etc Include bibliographical references and index.
590 ## - Name of Cataloguer
Name of Cataloger joy
650 #0 - SUBJECT ADDED ENTRY--TOPICAL TERM
Topical term or geographic name as entry element Soil microbiology.
650 #0 - SUBJECT ADDED ENTRY--TOPICAL TERM
Topical term or geographic name as entry element Soil biochemistry.
650 #0 - SUBJECT ADDED ENTRY--TOPICAL TERM
Topical term or geographic name as entry element Soil science.
700 1# - ADDED ENTRY--PERSONAL NAME
Personal name Paul, Eldor Alvin.
942 ## - ADDED ENTRY ELEMENTS (KOHA)
Source of classification or shelving scheme Dewey Decimal Classification
Koha item type Book
Holdings
Withdrawn status Lost status Source of classification or shelving scheme Damaged status Not for loan Home library Branch Name Shelving location Date acquired Total Checkouts Full call number Barcode Date last seen Date checked out Price effective from Koha item type Collection code
    Dewey Decimal Classification     SAU Library SAU Library General Stacks 13/10/2009 1 579.1759 SOI 36423 27/07/2017 23/05/2015 09/02/2015 Book  
    Dewey Decimal Classification   Not For Loan SAU Library SAU Library Reference 13/10/2009   579.1759 SOI 36421 11/04/2015   11/04/2015 Book Reference
    Dewey Decimal Classification     SAU Library SAU Library General Stacks 13/10/2009 1 579.1759 SOI 36422 04/04/2022 22/02/2022 23/05/2015 Book